[Event "BEL-chT 9798"]
[Site "Antwerp"]
[Date "1998.??.??"]
[Round "10"]
[White "Henris, Luc"]
[Black "Cekro, Ekrem"]
[Result "0-1"]
[WhiteElo "2250"]
[BlackElo "2380"]

1.e4 g6 2.d4 Bg7 3.Nc3 d6 4.Bg5 h6 5.Be3 c6 6.Qd2 b5 7.Bd3 Nd7 8.f4 Nb6 9.Nf3 Nf6
10.h3 a5 11.O-O b4 12.Ne2 d5 13.e5 Ne4 14.Qe1 Ba6 15.Bxe4 dxe4 16.Nd2 Nd5
17.Qf2 Nxe3 18.Qxe3 Bxe2 19.Qxe2 Qxd4+ 20.Kh1 Qxb2 21.Qc4 O-O 22.Rab1 Qc3
23.Qxc3 bxc3 24.Nxe4 Rfb8 25.Nxc3 Rb4 26.g3 Rc4 27.Rf3 f6 28.Re3 fxe5 29.fxe5 Rc5
30.Rbe1 Rd8 31.R1e2 Rd4 32.Re4 Rb4 33.a3 Rxe4 34.Nxe4 Rxe5 35.c4 Rf5 36.Kg2 Bd4
37.a4 Rf8 38.Nd2 Rb8 39.Kf3 Kf7 40.Ke4 Bf6 41.Nf3 Rb4 42.Rc2 Ke6 43.g4 Rxa4
44.h4 g5 45.h5 Ra1 46.Nd4+ Bxd4 47.Kxd4 Kd6 48.Ke4 Rf1  0-1

[Event "Bayern-ch Bank Hofmann 2nd"]
[Site "Bad Wiesse"]
[Date "1998.??.??"]
[Round "2"]
[White "Forchert, Martin"]
[Black "Schmitzer, Peter"]
[Result "1-0"]
[WhiteElo "2125"]
[BlackElo "2125"]

1.e4 g6 2.d4 Bg7 3.Nc3 d6 4.g3 Nf6 5.Bg2 O-O 6.Nge2 Nc6 7.h3 e5 8.Be3 exd4
9.Nxd4 Nxd4 10.Bxd4 Bd7 11.O-O Bc6 12.Re1 Nd7 13.f4 Bxd4+ 14.Qxd4 Nc5 15.Rad1 Ne6
16.Qf2 f6 17.h4 Rf7 18.Qe2 Qf8 19.Qc4 Re8 20.b4 a6 21.a4 Kh8 22.Re3 Ng7 23.Rde1 Ree7
24.b5 axb5 25.axb5 Bd7 26.Qxc7 Bxb5 27.Qxd6 Nf5 28.exf5  1-0

[Event "Bayern-ch Bank Hofmann 2nd"]
[Site "Bad Wiesse"]
[Date "1998.??.??"]
[Round "4"]
[White "Schmidt Schaeffer, Sebastian"]
[Black "Lauterbach, Ingrid"]
[Result "1/2-1/2"]
[WhiteElo "2370"]
[BlackElo "2170"]

1.e4 d6 2.d4 g6 3.Nc3 Bg7 4.Be3 c6 5.Qd2 b5 6.Bd3 Qc7 7.Nf3 Nd7 8.h4 h5 9.O-O-O Nb6
10.d5 b4 11.Ne2 c5 12.c4 Na4 13.e5 dxe5 14.d6 exd6 15.Be4 Rb8 16.Qxd6 Qxd6
17.Rxd6 Bb7 18.Bc2 Nxb2 19.Kxb2 e4+ 20.Kb1 exf3 21.Ba4+ Kf8 22.gxf3 Be5 23.Bxc5 Kg7
24.Rd3 Nh6 25.Bb3 Rbd8 26.Rhd1 Rxd3 27.Rxd3 a5 28.Bd4 Bxd4  1/2-1/2

[Event "Bayern-ch Bank Hofmann 2nd"]
[Site "Bad Wiesse"]
[Date "1998.??.??"]
[Round "5"]
[White "Ott, Frank"]
[Black "Gurieli, Nino"]
[Result "0-1"]
[WhiteElo "2235"]
[BlackElo "2365"]

1.e4 g6 2.d4 Bg7 3.Nc3 d6 4.f4 Nf6 5.Nf3 O-O 6.e5 Nfd7 7.h4 dxe5 8.fxe5 c5
9.h5 cxd4 10.hxg6 hxg6 11.Qxd4 Nxe5 12.Qh4 Nxf3+ 13.gxf3 f5 14.Qh7+ Kf7 15.Rg1 Rg8
16.Bc4+ e6 17.Qxg6+ Kf8 18.Bh6 Qh4+ 19.Kf1 Qxh6 20.Qg3 Qf6 21.Rd1 Nc6 22.Nb5 Ne5
23.Bb3 Qe7 24.Re1 Qc5 25.Nc3 b6 26.Ne2 Qe3 27.Nf4  0-1

[Event "Bayern-ch Bank Hofmann 2nd"]
[Site "Bad Wiesse"]
[Date "1998.??.??"]
[Round "5"]
[White "Christ, R."]
[Black "Herms, Axel"]
[Result "1/2-1/2"]
[WhiteElo "2270"]
[BlackElo "2135"]

1.e4 g6 2.d4 Bg7 3.Nc3 d6 4.Be3 c6 5.Qd2 Qc7 6.Nf3 Nd7 7.Bd3 Ngf6 8.O-O O-O
9.h3 a6 10.a4 b6 11.Rfe1 Bb7 12.e5 dxe5 13.dxe5 Nd5 14.Nxd5 cxd5 15.Bd4 Nc5
16.Qe3 Qc6 17.h4 Rad8 18.a5 Nxd3 19.Qxd3 b5 20.e6 f6 21.h5 Qc4 22.Qd2 g5
23.Ra3 b4 24.Ra4 Rc8 25.Rxb4 Qc7 26.Rb3 Ba8 27.Rc3 Qb8 28.Rxc8 Rxc8 29.b4 Bc6
30.c3 Bb5 31.Qe3 Qc7 32.Bc5 h6 33.Nd4 Qb7 34.Nf5 Bf8 35.Qd4 Be8 36.g4 Qc7
37.Kg2 Qb8 38.f3 Qc7 39.Re3 Qb8 40.Re2 Qc7 41.Re1 Bb5 42.Qe3  1/2-1/2

[Event "Bayern-ch Bank Hofmann 2nd"]
[Site "Bad Wiesse"]
[Date "1998.??.??"]
[Round "7"]
[White "Timmermans, Ivo"]
[Black "Osmani, R."]
[Result "1-0"]
[WhiteElo "2225"]
[BlackElo "2225"]

1.e4 g6 2.d4 Bg7 3.Nc3 d6 4.f4 e6 5.Nf3 Ne7 6.Be3 c6 7.a4 a5 8.Qd2 Nd7 9.d5 exd5
10.exd5 Nf5 11.Bf2 Nf6 12.O-O-O O-O 13.h3 cxd5 14.g4 Ne7 15.Bd3 Bd7 16.Rhe1 Rc8
17.Nd4 Nc6 18.Ndb5 Be6 19.f5 d4 20.Nxd4 Nxd4 21.Bxd4 Bc4 22.g5 Nh5 23.f6 Bh8
24.Bxc4 Rxc4 25.b3 Rc6 26.Nd5 h6 27.Ne7+ Kh7 28.Nxc6 bxc6 29.h4 Ng3 30.Bc5 Nf5
31.Bxd6 Re8 32.Rxe8 Qxe8 33.Bf4 Qe4 34.Kb1 Nxh4 35.Qd7 hxg5 36.Qxf7+ Kh6
37.Qf8+ Kh5 38.Qxh8+ Kg4 39.f7 gxf4 40.f8=Q Nf5 41.Rg1+ Ng3 42.Qc8+ Kf3 43.Qhh3 Qe2
44.Rxg3+ fxg3 45.Qcg4+ Ke3 46.Qhxg3+  1-0

[Event "Bayern-ch Bank Hofmann 2nd"]
[Site "Bad Wiesse"]
[Date "1998.??.??"]
[Round "8"]
[White "Graf, Christian"]
[Black "Schulz, Wolfgang"]
[Result "1/2-1/2"]
[WhiteElo "2240"]
[BlackElo "2130"]

1.e4 d6 2.d4 g6 3.Nc3 Bg7 4.Nf3 Nf6 5.Be2 O-O 6.O-O Nc6 7.d5 Nb8 8.h3 c6
9.a4 cxd5 10.exd5 a5 11.Be3 Na6 12.Bxa6 bxa6 13.Ra3 Rb8 14.Nd4 Bb7 15.Nb3 Nd7
16.Bd4 Nf6 17.Re1 Qc7 18.Qd2 Rfe8 19.Raa1 Ba8 20.Qd3 Bb7 21.Qd2 Rbc8 22.Re2 e6
23.dxe6 fxe6 24.f3 Nd5 25.Bxg7 Qxg7 26.Ne4 Qxb2 27.Nxd6 Nc3 28.Nxc8 Nxe2+
29.Qxe2 Bd5 30.Rd1 Bxb3 31.Nd6 Rf8 32.Rd2 Bd5 33.c4 Qb6+ 34.Kh1 Qxd6 35.cxd5 exd5
36.Qd3 Rd8 37.Qd4 Qd7 38.f4 Qg7 39.Qb6 Qd7  1/2-1/2

[Event "Bayern-ch Bank Hofmann 2nd"]
[Site "Bad Wiesse"]
[Date "1998.??.??"]
[Round "9"]
[White "Jaracz, Pawel"]
[Black "Gurieli, Nino"]
[Result "1/2-1/2"]
[WhiteElo "2465"]
[BlackElo "2365"]

1.e4 d6 2.Nc3 g6 3.d4 Bg7 4.Nge2 Nf6 5.g3 O-O 6.Bg2 e5 7.h3 Nc6 8.Be3 exd4
9.Nxd4 Re8 10.O-O Qe7 11.a4 a5 12.Ndb5 Nb4 13.Re1 Nc6 14.Bd4 Nd7 15.Bxg7 Kxg7
16.Nd4 Nc5 17.Nxc6 bxc6 18.Qd2 Qf6 19.Re3  1/2-1/2

[Event "Hessen-ch"]
[Site "Bad Wildungen"]
[Date "1998.??.??"]
[Round "3"]
[White "Karabalis, Harilos"]
[Black "Schmidt, Jan Peter"]
[Result "1-0"]
[WhiteElo "2265"]
[BlackElo "2310"]

1.e4 g6 2.d4 Bg7 3.Nc3 d6 4.Be3 a6 5.Qd2 b5 6.f3 Nd7 7.h4 h5 8.Nh3 Ngf6 9.O-O-O Bb7
10.Ng5 O-O 11.g4 c5 12.gxh5 Nxh5 13.dxc5 b4 14.Nd5 dxc5 15.Bh3 Nb6 16.Nxb6 Qxb6
17.Qh2 a5 18.e5 f5 19.Rd7 Rfe8 20.Rhd1 Bc6 21.R7d2 Bb5 22.f4 a4 23.Bg2 Bc6
24.Qg1 Rac8 25.Bxc5 Qa5 26.Ne6 b3 27.Bxc6 bxa2 28.c3 a1=Q+ 29.Kc2 Qxd1+ 30.Kxd1 Rxc6
31.Qxg6 Rf8 32.Bxe7 Qa6 33.Bd6 Qf1+ 34.Kc2 Qf3 35.Ng5  1-0

[Event "Bad Wildungen Seniors"]
[Site "Bad Wildungen"]
[Date "1998.??.??"]
[Round "4"]
[White "Schlag, Franz"]
[Black "Zunker, Reinhard"]
[Result "0-1"]
[WhiteElo "2230"]
[BlackElo "2165"]

1.e4 g6 2.d4 Bg7 3.Nc3 d6 4.Be2 c6 5.h4 Qb6 6.Nf3 Bg4 7.d5 h5 8.Ng5 Nf6 9.O-O Bxe2
10.Qxe2 Nbd7 11.a4 a5 12.Ra3 Ng4 13.Rb3 Qc7 14.Nd1 Nc5 15.Ra3 Bf6 16.f3 Nh6
17.Be3 cxd5 18.exd5 Nf5 19.Bf2 Kf8 20.Rc3 Qd7 21.b3 Kg7 22.Rc4 b5 23.axb5 Qxb5
24.Re1 a4 25.bxa4 Rxa4 26.Rxa4 Qxa4 27.c4 Nb3 28.Ne3 Nxe3 29.Bxe3 Rc8 30.Ne4 Nd4
31.Qd2 Nf5 32.Nxf6 exf6 33.Rc1 Rxc4 34.Rxc4 Qxc4 35.Bf4 Qc5+ 36.Kh2 Nxh4
37.Bh6+ Kh7 38.Bf8 Nf5 39.g4 hxg4 40.fxg4 Ne3 41.Qe1 Kg8 42.Be7 Nxd5  0-1

[Event "Hessen-ch"]
[Site "Bad Wildungen"]
[Date "1998.??.??"]
[Round "4"]
[White "Zude, Erik"]
[Black "Heck, Norbert"]
[Result "1/2-1/2"]
[WhiteElo "2360"]
[BlackElo "2350"]

1.e4 g6 2.d4 Bg7 3.Nc3 d6 4.Nf3 Nf6 5.h3 O-O 6.Bc4 Nxe4 7.Nxe4 d5 8.Bd3 dxe4
9.Bxe4 c5 10.dxc5 Qa5+ 11.c3 Qxc5 12.O-O Nd7 13.Re1 Nf6 14.Bc2 b6 15.Qd4 Qxd4
16.Nxd4 e6 17.a4 Bb7 18.a5 Nd7 19.Nb5 Bc6 20.Nd6 Be5 21.Ne4 b5 22.Be3 Bc7
23.Red1 Kg7 24.Rd2 Rfd8 25.a6 Nb6 26.Rxd8 Bxd8 27.Bd4+ f6 28.Nc5 Bd5 29.Nd3 e5
30.Bxb6 Bxb6 31.Nb4 Be6 32.Rd1 Kf7 33.Nd5 Bd8 34.Nb4 Bb6 35.Be4 Rd8 36.Rxd8 Bxd8
37.Bd3 Bd7 38.Nc2 Be7 39.b4 f5 40.Na3 e4 41.Bxb5 Bc8 42.Bc4+ Kf6 43.Nc2 Bd8
44.Bb5 Ke5 45.c4 f4 46.c5 Kd5 47.Be2 Bf6 48.Na3 Bd7 49.Bc4+ Kd4 50.Bb5 Bc8
51.Be2 Bd7 52.Kf1 Be7 53.Nb5+  1/2-1/2

[Event "Hessen-ch"]
[Site "Bad Wildungen"]
[Date "1998.??.??"]
[Round "5"]
[White "Duncker, Joachim"]
[Black "Klings, Peter"]
[Result "0-1"]
[WhiteElo "2265"]
[BlackElo "2250"]

1.e4 g6 2.d4 Bg7 3.Nc3 d6 4.h3 Nf6 5.Nf3 O-O 6.Be2 c5 7.O-O cxd4 8.Nxd4 Nc6
9.Nb3 Be6 10.f4 Rc8 11.f5 Bd7 12.Rf2 Ne5 13.Qd4 Bc6 14.Qe3 b6 15.Ba6 Rc7
16.Qe2 Qa8 17.fxg6 hxg6 18.Bd3 d5 19.Nxd5 Nxd5 20.exd5 Nxd3 21.cxd3 Bxd5
22.Bf4 Rd7 23.Be5 Bxb3 24.Bxg7 Kxg7 25.axb3 Qd5 26.b4 e5 27.Qe3 Re8 28.Rc1 Re6
29.Rc3 Qd4 30.Qg5 Qxb4 31.Rc4 Qe7 32.Qe3 Qd8 33.Rc3 Qh4 34.g3 Qe7 35.Rc4 Qf8
36.Rfc2 Re8 37.Rh4 Kg8 38.Rc6 Qg7 39.Re4 Qf8 40.Rh4 Qg7 41.Re4 Red8 42.Rc3 Rd5
43.Rec4 Qf6 44.Rc8 Kg7 45.Rxd8 Rxd8 46.g4 Rd4 47.Rc2 Rf4 48.Kg2 Qe6 49.Kg3 Qd5
50.Re2 Rd4 51.Rd2 Qd6 52.Kf2 e4 53.Ke2 exd3+ 54.Rxd3 Rxd3 55.Qxd3 Qxd3+ 56.Kxd3 Kf6
57.Kc4 Kg5 58.Kb5 Kh4 59.Ka6 Kxh3 60.Kxa7 Kxg4 61.Kxb6 f5  0-1

[Event "Hessen-ch"]
[Site "Bad Wildungen"]
[Date "1998.??.??"]
[Round "6"]
[White "Grafl, Florian"]
[Black "Heck, Norbert"]
[Result "1-0"]
[WhiteElo "2165"]
[BlackElo "2350"]

1.e4 g6 2.d4 Bg7 3.Nc3 d6 4.f4 Nf6 5.Nf3 O-O 6.Be3 b6 7.Bc4 Bb7 8.e5 Ng4
9.Qe2 d5 10.Bd3 f6 11.Bg1 Qc8 12.h3 Nh6 13.g4 f5 14.g5 Nf7 15.h4 Qe6 16.h5 Rc8
17.hxg6 hxg6 18.Qh2 Nd6 19.O-O-O Ne4 20.Bxe4 fxe4 21.Qh7+ Kf7 22.f5 Qxf5
23.e6+ Kxe6 24.Qxg7 Nc6 25.Nxd5 Kxd5 26.c4+ Kxc4 27.d5 Qxf3 28.dxc6 Bxc6
29.Qe5 Rd8 30.Bd4 Bd5 31.Rhe1 c5 32.Bg1 e6 33.a4 Bb7 34.Qxe6+ Kb4 35.Qe7 Rxd1+
36.Rxd1 Ba6 37.Bxc5+ Kxa4 38.Rd4+ Kb5 39.Qd7+ Kxc5 40.Qd5+  1-0

[Event "Hessen-ch"]
[Site "Bad Wildungen"]
[Date "1998.??.??"]
[Round "6"]
[White "Kersten, Uwe"]
[Black "Alber, Horst"]
[Result "1/2-1/2"]
[WhiteElo "2360"]
[BlackElo "2315"]

1.e4 g6 2.d4 Bg7 3.Nc3 d6 4.Be3 a6 5.Nf3 b5 6.Bd3 Nd7 7.e5 Nb6 8.Qe2 Nh6
9.O-O-O Nf5 10.Bg5 h6 11.Bd2 e6 12.g4 Ne7 13.h4 Bb7 14.h5 g5 15.Rh3 b4 16.Ne4 Bxe4
17.Bxe4 Ned5 18.Kb1 c5 19.exd6  1/2-1/2

[Event "Hessen-ch"]
[Site "Bad Wildungen"]
[Date "1998.??.??"]
[Round "8"]
[White "Duncker, Joachim"]
[Black "Alber, Horst"]
[Result "1/2-1/2"]
[WhiteElo "2265"]
[BlackElo "2315"]

1.e4 g6 2.d4 Bg7 3.Nc3 d6 4.Be3 a6 5.Bd3 Nc6 6.Nf3 Bg4 7.Be2 e5 8.dxe5 Bxf3
9.gxf3 dxe5 10.Qxd8+ Nxd8 11.Bc4 Ne6 12.Bxe6 fxe6 13.Rd1 Ne7 14.Na4 b6 15.Rd3 Rd8
16.Rxd8+ Kxd8 17.Ke2 Nc6 18.c3 Ke7 19.b3 Rd8 20.Nb2 Rd7 21.Nd3 Bf6 22.b4 Rd8
23.a4 Ra8 24.Rd1 Ke8 25.Rb1 Kf7 26.Rd1 Ke8 27.Rd2 Be7 28.b5 Na5 29.Nxe5 axb5
30.axb5 Bd6 31.f4 Bxe5 32.fxe5 Nc4 33.Rc2 Ra5 34.f4 Rxb5 35.Kd3 Rb2 36.Rxb2 Nxb2+
37.Ke2 c5 38.Bf2 Kd7 39.Kd2 Kc6 40.Kc2 Nc4 41.Kd3 b5 42.Bh4 Kd7 43.Bf6  1/2-1/2

[Event "Hessen-ch"]
[Site "Bad Wildungen"]
[Date "1998.??.??"]
[Round "10"]
[White "Duncker, Joachim"]
[Black "Schmidt, Jan Peter"]
[Result "1/2-1/2"]
[WhiteElo "2265"]
[BlackElo "2310"]

1.e4 g6 2.d4 Bg7 3.Nc3 d6 4.Be3 Nf6 5.Qd2 c6 6.h3 Nbd7 7.Nf3 O-O 8.Bd3 b5
9.O-O Qc7 10.a3 a6 11.Rfe1 Bb7 12.Bg5 e5 13.dxe5 dxe5 14.Qe3 Rfe8 15.Rad1 Nf8
16.Bf1 Ne6 17.Bh6 Bh8 18.Ne2 c5 19.Ng3 Rad8 20.a4 Bc6 21.axb5 axb5 22.Rxd8 Rxd8
23.Qc3 Nd7 24.Qb3 c4 25.Qb4 Ndc5 26.b3 cxb3 27.cxb3 Bg7 28.Bxg7 Kxg7 29.Qc3 f6
30.Rc1 Qb6 31.b4 Nxe4 32.Nxe4 Bxe4 33.Nxe5 Qd4 34.Qxd4 Rxd4 35.Nc6 Bxc6  1/2-1/2

[Event "Bad Woerishofen op"]
[Site "Bad Woerishofen"]
[Date "1998.??.??"]
[Round "7"]
[White "Korneev, Oleg"]
[Black "Arbakov, Valentin"]
[Result "1-0"]
[WhiteElo "2560"]
[BlackElo "2445"]

1.e4 g6 2.d4 Bg7 3.Nc3 d6 4.f4 c6 5.Nf3 Bg4 6.Be3 Qb6 7.Qd2 Qxb2 8.Rb1 Qa3
9.Rxb7 Qa5 10.Be2 Bc8 11.Rb3 Nf6 12.h3 O-O 13.O-O Be6 14.Rb7 Bc8 15.Rb3 Be6
16.Rbb1 Qc7 17.f5 gxf5 18.Bh6 Kh8 19.Bxg7+ Kxg7 20.Bd3 Nbd7 21.d5 cxd5 22.exf5 Rfc8
23.fxe6 fxe6 24.Ne2 e5 25.Bf5 Rg8 26.Ng5 Nf8 27.Be6 h6 28.Bxg8 Kxg8 29.Rxf6  1-0

[Event "Bad Zwesten op"]
[Site "Bad Zwesten"]
[Date "1998.??.??"]
[Round "2"]
[White "Glek, Igor V"]
[Black "Gazic, Josip"]
[Result "1-0"]
[WhiteElo "2505"]
[BlackElo "2115"]

1.e4 g6 2.d4 Bg7 3.Nc3 d6 4.Be3 Nf6 5.Qd2 Ng4 6.Bg5 h6 7.Bh4 g5 8.Bg3 e5
9.dxe5 Nxe5 10.h4 Nbc6 11.O-O-O Be6 12.Nd5 Kd7 13.Nf3 a6 14.Kb1 b5 15.hxg5 hxg5
16.Rxh8 Qxh8 17.Nxg5 Rb8 18.c3 Na5 19.Bxe5 Bxe5 20.f4 Bf6 21.Nxc7 Kxc7 22.Nxe6+ fxe6
23.Qxd6+ Kb7 24.Qd7+ Ka8 25.Rd6 Rd8 26.Rxa6+ Kb8 27.Qa7+ Kc8 28.Qc5+ Kb8
29.Rxa5 Rd7 30.Rxb5+ Rb7 31.Qd6+  1-0

[Event "Baunatal op 4th"]
[Site "Baunatal"]
[Date "1998.??.??"]
[Round "5"]
[White "Becker, Mario"]
[Black "Nill, Oliver"]
[Result "1/2-1/2"]
[WhiteElo "2140"]
[BlackElo "2255"]

1.d4 g6 2.e4 Bg7 3.Nc3 d6 4.Be3 a6 5.a4 b6 6.Nf3 e6 7.Qd2 Nd7 8.Bd3 Bb7 9.O-O Ne7
10.Bh6 O-O 11.Bxg7 Kxg7 12.Rfe1 c5 13.Qe3 Rc8 14.dxc5 dxc5 15.Rad1 Qc7 16.Bf1 Rfd8
17.Rd2  1/2-1/2

[Event "Regionalliga NO9798"]
[Site "Bayern"]
[Date "1998.??.??"]
[Round "?"]
[White "Roeder, Frank"]
[Black "Koenig, Larry"]
[Result "1-0"]
[WhiteElo "2220"]
[BlackElo "1745"]

1.e4 d6 2.d4 g6 3.Nc3 Bg7 4.Be2 Nc6 5.Be3 e5 6.dxe5 Bxe5 7.Nf3 Bf6 8.Qd2 h6
9.h3 Be6 10.O-O a6 11.Nh2 Qd7 12.f4 h5 13.f5 gxf5 14.exf5 Bxf5 15.Nd5 Bd8
16.Rae1 Be6 17.Qc3 f6 18.Nf4 Bf7 19.Bc4 Ne5 20.Bxf7+ Qxf7 21.Nf3 Nxf3+ 22.Rxf3 Kd7
23.Qd3 Ne7 24.Bd4 c6 25.Ne6 Qh7 26.Nf8+  1-0

[Event "Regionalliga NO9798"]
[Site "Bayern"]
[Date "1998.??.??"]
[Round "?"]
[White "Loos, Roland"]
[Black "Koenig, Larry"]
[Result "1-0"]
[WhiteElo "2140"]
[BlackElo "1745"]

1.e4 d6 2.d4 g6 3.Nc3 Bg7 4.Nf3 Nd7 5.Bg5 a6 6.Qd2 b5 7.a4 b4 8.Nd5 a5 9.Bc4 h6
10.Bh4 Ngf6 11.Nxf6+ exf6 12.O-O g5 13.Bg3 O-O 14.Rfe1 Re8 15.Bd5 Ra6 16.Qd3 Qe7
17.Re3 Rb6 18.Nd2 c6 19.Bc4 Bb7 20.Nb3 Ra8 21.f4 gxf4 22.Bxf4 Qf8 23.Rg3 Kh8
24.Qf3 f5 25.Qh5 Nf6 26.Qh4 Nxe4 27.Rxg7 Qxg7 28.Bxh6 Qh7 29.Rf1 Rg8 30.Rf3 Rg4
31.Qd8+ Qg8 32.Bg7+ Kxg7 33.Qxb6 Kf6 34.Bf1 Qc8 35.Nxa5 Nd2 36.Rf2 Nxf1 37.Qxb7 Qxb7
38.Nxb7 Ne3 39.Re2 Nd5 40.Rd2 Ke7 41.Na5 Kd7 42.Nb3 Nb6 43.a5 Nc4 44.Rf2 Ke6
45.c3 Rg8 46.cxb4 Rb8 47.Nc1 Rxb4 48.Nd3 Ra4 49.b4 Kd5 50.Rf4 Ra3 51.Ne1 Ra1
52.Kf2 Ke6 53.Nd3 Rd1 54.Rf3 Rd2+ 55.Kg3 Kd5 56.h4 Kxd4 57.Nc1 Rd1 58.Nb3+ Ke5
59.Kh2 Ne3 60.a6 Ng4+  1-0

[Event "Regionalliga NO9798"]
[Site "Bayern"]
[Date "1998.??.??"]
[Round "?"]
[White "Halbritter, Josef"]
[Black "Goetz, Dieter"]
[Result "1/2-1/2"]
[WhiteElo "2045"]
[BlackElo "1960"]

1.e4 g6 2.d4 Bg7 3.Nc3 d6 4.Be3 c6 5.Qd2 Nd7 6.f3 Qc7 7.h4 h5 8.Nh3 b5 9.a4 b4
10.Nd1 a5 11.c4 c5 12.Rc1 cxd4 13.Bxd4 Ngf6 14.b3 Nc5 15.Rb1 Bxh3 16.Rxh3 Ne6
17.Be3 Nd7 18.Be2 Ndc5 19.Kf1 O-O-O 20.Bd3 Bf6 21.Bc2 Rdg8 22.Bg5 Bd4 23.Be3 Bg7
24.Nf2 Bc3 25.Qd5 Qb7 26.Rd1 Qxd5 27.exd5 Ng7 28.Ne4 Nxe4 29.fxe4 Kb7 30.Ke2 Ne8
31.Rf1 f6 32.c5 dxc5 33.Bxc5 Nd6 34.Kd3 Be5 35.Bd4 Nf7 36.Bd1 Rc8 37.Bxe5 Nxe5+
38.Kd4 Rhd8 39.Rg3 Kb6 40.Re3 Rc1 41.Be2 Rc2 42.Rd1 Nc6+ 43.Kd3 Rc3+ 44.Kd2 Nd4
45.Bc4 Rxe3 46.Kxe3 Nc6 47.Be2 Ne5 48.Rc1 Rd7 49.Rc8 Rc7 50.Rxc7 Kxc7 51.Kd4 Kd6
52.Bd1 e6 53.dxe6 Kxe6 54.Kc5 Kd7 55.Kb6 Nc6 56.Be2  1/2-1/2

[Event "Regionalliga NO9798"]
[Site "Bayern"]
[Date "1998.??.??"]
[Round "?"]
[White "Auer, Guenther"]
[Black "Kampmann, Lutz"]
[Result "0-1"]
[WhiteElo "2020"]
[BlackElo "2120"]

1.e4 g6 2.d4 Bg7 3.Nc3 d6 4.g3 Nd7 5.Bg2 c6 6.a4 Qa5 7.Ne2 h5 8.Bd2 h4 9.g4 h3
10.Bf1 Qd8 11.Be3 c5 12.f3 cxd4 13.Nxd4 Ne5 14.Ndb5 a6 15.Nd5 Kf8 16.Ndc7 Rb8
17.Bb6 Qd7 18.Ba7 Nc6 19.Bxb8 Nxb8 20.Nd5 axb5 21.axb5 Qd8 22.Ra8 Bd7 23.Qa1 e6
24.Qa7 exd5 25.Rxb8 Bc8 26.Qxb7 Ne7 27.b6 Bxb2 28.Ba6 Bc3+ 29.Kd1 Kg7 30.Qa8 dxe4
31.Bxc8 Nxc8 32.b7 Qg5  0-1

[Event "Regionalliga NO9899"]
[Site "Bayern"]
[Date "1998.??.??"]
[Round "?"]
[White "Wallinger, Manfred"]
[Black "Herzog, Klaus"]
[Result "1/2-1/2"]
[WhiteElo "2125"]
[BlackElo "2110"]

1.d4 g6 2.e4 Bg7 3.Nc3 d6 4.Be3 c6 5.Qd2 b5 6.a3 a6 7.g3 Qc7 8.Bg2 Nd7 9.Nge2 h5
10.h3 Nb6 11.b3 Nf6 12.O-O e5 13.Rad1 Nbd7 14.dxe5 dxe5 15.Qd6 Qxd6 16.Rxd6 Bb7
17.Rd3 Bf8 18.f4 Be7 19.b4 a5 20.Rb1 axb4 21.axb4 O-O 22.Bf3 Rfd8 23.Kg2 Nh7
24.Rdd1 Bf6 25.Ra1 Nhf8 26.f5 Be7 27.Rab1 Nb8 28.Rxd8 Bxd8 29.Bc5 Bc7 30.Nc1 Na6
31.Nd3 Nxc5 32.Nxc5 Bc8 33.g4 hxg4 34.hxg4 Ra3 35.Rb3 Rxb3 36.cxb3 Bd6 37.Nd3 Nd7
38.Na2 Kf8 39.Kf2 Ke7 40.Nac1 Nb8 41.Nc5 Kf6  1/2-1/2

[Event "Landesliga Nord9798"]
[Site "Bayern"]
[Date "1998.??.??"]
[Round "?"]
[White "Albert, Marion"]
[Black "Hoffmann, Ayar"]
[Result "0-1"]
[WhiteElo "2005"]
[BlackElo "1925"]

1.e4 d6 2.d4 g6 3.Nc3 Bg7 4.Bc4 Nf6 5.Qe2 Nc6 6.e5 Nxd4 7.exf6 Nxe2 8.fxg7 Rg8
9.Ngxe2 Rxg7 10.Bg5 Be6 11.Bxe6 fxe6 12.Nd4 Qd7 13.O-O-O e5 14.Nf3 O-O-O
15.Nxe5 Qf5 16.Nf3 Re8 17.h3 Rf7 18.Rhe1 Qa5 19.Re6 Kd7 20.Re5 Qa6 21.Re4 Kc8
22.Ra4 Qc6 23.Rxa7 Kb8 24.Ra3 Rxf3 25.gxf3 Qxf3 26.Nd5 Qf8 27.f4 h6 28.Bh4 c6
29.Ne3 Qxf4 30.Be1 Kc7 31.Bd2 Qf8 32.Nc4 b5 33.Ne3 Kb7 34.Rf1 Qg7 35.c4 bxc4
36.Nxc4 Qd4 37.Rf4 Qg1+ 38.Kc2 c5 39.Rb3+ Kc6 40.a4 g5 41.Rg4 Qf1 42.a5 Qf5+
43.Rd3 Qh7 44.Ne3 d5 45.b3 d4 46.Nc4 e5 47.Be1 e4 48.Rd1 e3+ 49.Rd3 Qf5 50.b4 Rd8
51.a6 Kb5 52.Na3+ Kxa6 53.bxc5 Qxc5+ 54.Kd1 h5 55.Rg2 Qf5 56.Ke2 Rf8  0-1

[Event "Regionalliga NW9798"]
[Site "Bayern"]
[Date "1998.??.??"]
[Round "?"]
[White "Jahrsdoerfer, Gerd"]
[Black "Mueller, Thorsten"]
[Result "1-0"]
[WhiteElo "2015"]
[BlackElo "1955"]

1.e4 d6 2.d4 g6 3.Nc3 Bg7 4.Bg5 c6 5.Qd2 Qa5 6.f4 h6 7.Bh4 Nd7 8.Nf3 Nb6
9.Bd3 Bg4 10.Ne2 Qxd2+ 11.Kxd2 Bxf3 12.gxf3 O-O-O 13.c3 Rd7 14.Rhg1 e5 15.Bf2 Ne7
16.Rad1 Rhd8 17.Kc2 Kc7 18.Bg3 exd4 19.cxd4 Kc8 20.Bh4 Re8 21.f5 g5 22.Bf2 Rc7
23.Kb1 c5 24.Bb5 Rd8 25.dxc5 dxc5 26.Bg3 a6 27.Rxd8+ Kxd8 28.Rd1+ Kc8 29.Bxc7 Kxc7
30.Bd3 Be5 31.h3 Nc6 32.b3 f6 33.Bc4 Nd4 34.Nxd4 cxd4 35.Kc2 Nd7 36.b4 Nb8
37.Bd5 Nd7 38.Kb3 Nb8 39.Rh1 h5 40.h4 gxh4 41.Rxh4 Nc6 42.Bxc6 Kxc6 43.Kc4 Kb6
44.Rxh5 a5 45.bxa5+ Kxa5 46.Rh7 b5+ 47.Kd3 Kb4 48.Ra7 Kc5 49.Ra6 Bd6 50.a3 Be5
51.Re6 b4 52.axb4+ Kxb4 53.Rxe5  1-0

[Event "Landesliga Nord9798"]
[Site "Bayern"]
[Date "1998.??.??"]
[Round "?"]
[White "Salac, Jiri"]
[Black "Straschewski, Joerg"]
[Result "1/2-1/2"]
[WhiteElo "2120"]
[BlackElo "1990"]

1.d4 g6 2.Nc3 Bg7 3.e4 d6 4.f4 Nf6 5.Nf3 O-O 6.Be3 Nc6 7.d5 Nb8 8.Bc4 c6
9.Bb3 cxd5 10.exd5 Na6 11.O-O Nc5 12.Bc4 Bg4 13.h3 Bd7 14.Qe2 a6 15.a4 Nce4
16.Nxe4 Nxe4 17.Qd3 Ng3 18.Rfe1 Bxa4 19.Rxa4 b5 20.Bxb5 axb5 21.Qxb5 Rxa4
22.Qxa4 Bxb2 23.Qb3 Bg7 24.Nd4 Qd7 25.Bf2 Nf5 26.Nc6 Re8 27.g4 Nh6 28.Qe3 Kf8
29.c4 e6 30.Qa7 Qxa7 31.Nxa7 exd5 32.Rxe8+ Kxe8 33.cxd5 Ng8 34.Nb5 Kd7 35.Bh4 f5
36.gxf5 gxf5 37.Kf2 Ne7 38.Bxe7 Kxe7 39.Ke3 Bb2 40.Kf3 Bf6 41.Kg3 Kd7 42.Kf3 Ke7  1/2-1/2

[Event "Oberliga Bayern9798"]
[Site "Bayern"]
[Date "1998.??.??"]
[Round "?"]
[White "Wiemer, Peter"]
[Black "Gerer, Josef"]
[Result "0-1"]
[WhiteElo "2190"]
[BlackElo "2105"]

1.e4 g6 2.d4 d6 3.Nc3 Bg7 4.Nf3 a6 5.a4 Bg4 6.Be3 Nc6 7.d5 Ne5 8.Be2 Nxf3+
9.gxf3 Bd7 10.Bd4 Nf6 11.f4 c5 12.Be3 Qc7 13.O-O O-O 14.Bf3 Rab8 15.Re1 b5
16.axb5 axb5 17.e5 dxe5 18.fxe5 Qxe5 19.Bxc5 Qg5+ 20.Kh1 Qf4 21.Be3 Qh4 22.Rg1 b4
23.Na4 Ne4 24.Nc5 Be5 25.Rg2 Nxc5 26.Bxc5 Bh3 27.Rg3 Bxg3 28.hxg3 Qg5 29.Ra7 Rfe8
30.Qe1 Qf6 31.Qe3 e5 32.d6 Bf5 33.Bc6 Rec8 34.Bd5 Be6 35.Bb7 Rxb7 36.Rxb7 Bd5+
37.Kg1 Bxb7 38.Bxb4 Qe6 39.Bc3 f6 40.Qb6 Qd5 41.Kf1 Qc4+  0-1

[Event "Oberliga Bayern9798"]
[Site "Bayern"]
[Date "1998.??.??"]
[Round "?"]
[White "Vojtech, Jaroslav"]
[Black "Basel, Matthias"]
[Result "1/2-1/2"]
[WhiteElo "2180"]
[BlackElo "2045"]

1.e4 g6 2.d4 Bg7 3.Nc3 d6 4.Be2 Nf6 5.Be3 c6 6.Qd2 Qa5 7.a3 Na6 8.Nf3 b5
9.O-O Bd7 10.Rfd1 Qd8 11.h3 Nc7 12.e5 Nfd5 13.exd6 exd6 14.Bg5 f6 15.Bh6 Kf7
16.Ne4 Bf5 17.Ng3 Qd7 18.Bxg7 Kxg7 19.b3 Rae8 20.c4 Ne7 21.Rac1 h5 22.Bd3 Bxd3
23.Qxd3 h4 24.Ne4 Nf5 25.d5 c5 26.Re1 a6 27.Re2 g5 28.Rce1 Rhf8 29.Qc3 Kg6
30.Kh2 Nh6 31.Qd3 Kg7 32.Nc3 Nf7 33.Rxe8 Rxe8 34.Rxe8 Qxe8 35.Qf5 Nh6 36.Qd3 Nf7
37.Qf5 Nh6 38.Qd3 Nf7 39.cxb5 axb5 40.Qf5 Nh6 41.Qd3 Qa8 42.Nxb5 Nxb5 43.Qxb5 Qxa3
44.Qd3 Qb2 45.Kg1 Qc1+ 46.Kh2 Qf4+ 47.Kg1 Qc1+ 48.Kh2 f5  1/2-1/2

[Event "Oberliga Bayern9798"]
[Site "Bayern"]
[Date "1998.??.??"]
[Round "?"]
[White "Vingerling, Marcel"]
[Black "Mack, Wolfgang"]
[Result "1-0"]
[WhiteElo "2235"]
[BlackElo "2050"]

1.Nc3 g6 2.d4 Bg7 3.e4 d6 4.Bc4 Nc6 5.Nf3 Bd7 6.O-O e5 7.dxe5 dxe5 8.Bg5 Qc8
9.Qd2 Be6 10.Nd5 h6 11.Be3 Nf6 12.Nxf6+ Bxf6 13.Bd5 Bg4 14.Qc3 Bxf3 15.Bxc6+ Kf8
16.Bd5 c6 17.Bb3 Be2 18.f4 Bxf1 19.Rxf1 Qe8 20.fxe5 Bxe5 21.Rxf7+ Qxf7 22.Qxe5 Qh7
23.Bc5+  1-0

[Event "Oberliga Bayern9798"]
[Site "Bayern"]
[Date "1998.??.??"]
[Round "?"]
[White "Velicka, Petr"]
[Black "Beim, Valery"]
[Result "0-1"]
[WhiteElo "2420"]
[BlackElo "2510"]

1.e4 g6 2.d4 Bg7 3.Nc3 d6 4.Be3 a6 5.a4 Nf6 6.Be2 O-O 7.Qd2 e5 8.d5 c6 9.dxc6 Nxc6
10.Nf3 Be6 11.Bg5 Qb6 12.O-O Nd4 13.a5 Nxe2+ 14.Nxe2 Qc6 15.Bxf6 Bxf6 16.Nc3 Rac8
17.Rfd1 Rfd8 18.Rac1 Bg7 19.h3 Qc4 20.Nd5 Bxd5 21.Qxd5 Bh6 22.Rb1 Qxd5 23.Rxd5 Kf8
24.c3 Ke7 25.Rbd1 f6 26.Ne1 f5 27.exf5 gxf5 28.Nf3 Bg7 29.Nh4 Ke6 30.Nf3 Bf6
31.Ne1 Rc5 32.Rxc5 dxc5 33.Rb1 e4 34.Nc2 Rd3 35.Ne3 Bd8 36.Nc4 f4 37.Rc1 Kd5
38.b3 Bf6 39.Nb6+ Kc6 40.c4 Bd4 41.Nd5 Rd2 42.Nxf4 Rxf2 43.Ne6 Rf6+ 44.Nxd4+ cxd4
45.Rf1 Rxf1+ 46.Kxf1 Kc5 47.g4 Kb4  0-1